Principles of Managerial Finance / (Record no. 15009)
[ view plain ]
| 000 -LEADER | |
|---|---|
| fixed length control field | 01063nam a22003015a 4500 |
| 008 - FIXED-LENGTH DATA ELEMENTS--GENERAL INFORMATION | |
| fixed length control field | 110314s2009 maua|||fr|||| 001 0 eng d |
| 010 ## - LIBRARY OF CONGRESS CONTROL NUMBER | |
| LC control number | 2002018311 |
| 020 ## - INTERNATIONAL STANDARD BOOK NUMBER | |
| International Standard Book Number | 0321555287 |
| 020 ## - INTERNATIONAL STANDARD BOOK NUMBER | |
| International Standard Book Number | 9780321555281 |
| 040 ## - CATALOGING SOURCE | |
| Original cataloging agency | EG-ScBUE |
| Language of cataloging | ng |
| Transcribing agency | EG-ScBUE |
| 082 04 - DEWEY DECIMAL CLASSIFICATION NUMBER | |
| Classification number | 658.15 |
| Item number | GIT |
| Edition number | 22 |
| 100 1# - MAIN ENTRY--PERSONAL NAME | |
| Personal name | Gitman, Lawrence J. |
| 9 (RLIN) | 22574 |
| 245 10 - TITLE STATEMENT | |
| Title | Principles of Managerial Finance / |
| Statement of responsibility, etc | Lawrence J. Gitman |
| 250 ## - EDITION STATEMENT | |
| Edition statement | 12th ed. |
| 260 ## - PUBLICATION, DISTRIBUTION, ETC. (IMPRINT) | |
| Place of publication, distribution, etc | Boston, MA : |
| Name of publisher, distributor, etc | Pearson/Prentice Hall., |
| Date of publication, distribution, etc | c2009 |
| 300 ## - PHYSICAL DESCRIPTION | |
| Extent | 1v. (various pagings) : |
| Other physical details | col. ill. ; |
| Dimensions | 26 cm. |
| 500 ## - GENERAL NOTE | |
| General note | Student Access Kit |
| 500 ## - GENERAL NOTE | |
| General note | Index. |
| 500 ## - GENERAL NOTE | |
| General note | Glossary . |
| 500 ## - GENERAL NOTE | |
| General note | Appendix . |
| 590 ## - LOCAL NOTE (RLIN) | |
| Local note | Menna Elemam |
| 650 #0 - SUBJECT ADDED ENTRY--TOPICAL TERM | |
| Topical term or geographic name as entry element | Corporations-- |
| General subdivision | Finance. |
| 9 (RLIN) | 22575 |
| Source of heading or term | BUEsh |
| 650 #0 - SUBJECT ADDED ENTRY--TOPICAL TERM | |
| Topical term or geographic name as entry element | Business enterprises-- |
| General subdivision | Finance. |
| 9 (RLIN) | 22576 |
| Source of heading or term | BUEsh |
| 651 ## - SUBJECT ADDED ENTRY--GEOGRAPHIC NAME | |
| Source of heading or term | BUEsh |
| 653 ## - INDEX TERM--UNCONTROLLED | |
| Resource For college | BAEPS, Business Administration |
| Arrived date list | August2015 |
| 856 ## - ELECTRONIC LOCATION AND ACCESS | |
| Uniform Resource Identifier | <a href="http://www.myfinancelab.com">http://www.myfinancelab.com</a> |
| Hours access method available | Access valid until 16/3/2014 |
| Public note | Access to online course materials |
| Materials specified | Quizzes, spreadsheets, calendar, results and online resources |
| 942 ## - ADDED ENTRY ELEMENTS (KOHA) | |
| Item type | Book - Borrowing |
| Call number prefix | 658.15 GIT |
| Source of classification or shelving scheme | Dewey Decimal Classification |
| Withdrawn status | Item status | Source of classification or shelving scheme | Damaged status | Not for loan | Vendor | Home library | Current library | Shelving location | Date acquired | Source of acquisition | Total Checkouts | Total Renewals | Full call number | Barcode | Date last seen | Date last borrowed | Koha item type | Public note | Checked out |
|---|---|---|---|---|---|---|---|---|---|---|---|---|---|---|---|---|---|---|---|
| Dewey Decimal Classification | Baccah | Central Library | Central Library | First floor | 14/03/2011 | 9 | 55 | 658.15 GIT | 000022960 | 15/07/2025 | 23/11/2017 | Book - Borrowing | For access to online course materials check with the library for user name & password | ||||||
| Dewey Decimal Classification | Baccah | Central Library | Central Library | First floor | 14/03/2011 | 658.15 GIT | 000022959 | 15/07/2025 | NB - Book (Non borrowing) | For access to online course materials check with the library for user name & password | |||||||||
| Dewey Decimal Classification | Baccah | Central Library | Central Library | First floor | 14/03/2011 | 13 | 57 | 658.15 GIT | 000022958 | 02/03/2026 | 02/03/2026 | Book - Borrowing | For access to online course materials check with the library for user name & password | 01/04/2026 |